| 000 | 00872nas a2200277 4500 | ||
|---|---|---|---|
| 001 | BR2018001994 | ||
| 003 | BR-BrBNA | ||
| 005 | 20231205131421.0 | ||
| 007 | ta | ||
| 008 | 230509b bl.|||p| |||| 00| 00por d | ||
| 040 |
_aBR-BrBNA _bpor _cBiblioteca Nacional de Agricultura |
||
| 041 | _a(Pt) | ||
| 072 | _aF30 | ||
| 100 | 1 | _aGois, I.B. | |
| 100 | 1 | _aFerreira, R.A. | |
| 100 | 1 | _aSilva-Mann, R. | |
| 100 | 1 | _aPantaleão, S.M. | |
| 100 | 1 | _aGois, C.B. | |
| 100 | 1 | _aOliveira, R.S.C. | |
| 245 | 1 | _aVariabilidade genética em populações naturais de Ziziphus joazeiro Mart. por meio de marcadores moleculares RAPD | |
| 650 | _aGENÉTICA VEGETAL | ||
| 650 | _aMARCADOR MOLECULAR | ||
| 773 | 0 |
_tRevista Árvore (Brazil) _xISSN 0100-6762 _g(Jul-Aug 2014), v. 38(4) p. 621-630 _wBR2018001994 |
|
| 909 |
_a202311 _bLúcia _c55 _dLúcia Elande |
||
| 942 |
_2AGRIS _n0 _cANA |
||
| 999 |
_c254692 _d254692 |
||